مكتبة جامعة عجلون الوطنية

فهرس بحث المكتبة

علم الجمال : مفاهيم وتطبيقات وأسس الجمال (Record no. 33778)

MARC details
000 -LEADER
fixed length control field 00687nam a22001937a 4500
003 - CONTROL NUMBER IDENTIFIER
control field JO-AjAnu
005 - DATE AND TIME OF LATEST TRANSACTION
control field 20241020083126.0
008 - FIXED-LENGTH DATA ELEMENTS--GENERAL INFORMATION
fixed length control field 241019b jo ||||| |||| 00| 0 ara d
020 ## - INTERNATIONAL STANDARD BOOK NUMBER
International Standard Book Number 9-415-76-9957-978
040 ## - CATALOGING SOURCE
Transcribing agency JO-AjAnu
041 ## - LANGUAGE CODE
Language code of original ARA
100 ## - MAIN ENTRY--PERSONAL NAME
Personal name الحاتمي، الآء علي
Relator term مؤلف
9 (RLIN) 66347
245 ## - TITLE STATEMENT
Title علم الجمال : مفاهيم وتطبيقات وأسس الجمال
Statement of responsibility, etc. / الآء علي الحاتمي
260 ## - PUBLICATION, DISTRIBUTION, ETC.
Place of publication, distribution, etc. عمان:
Name of publisher, distributor, etc. دار الرضوان للنشر والتوزيع،
Date of publication, distribution, etc. 2016
300 ## - PHYSICAL DESCRIPTION
Extent 240 صفحة
650 ## - SUBJECT ADDED ENTRY--TOPICAL TERM
Form subdivision الجمال
700 ## - ADDED ENTRY--PERSONAL NAME
Personal name سمير عبد المنعم القاسمي
Relator term مؤلف مشارك
9 (RLIN) 66348
942 ## - ADDED ENTRY ELEMENTS (KOHA)
Source of classification or shelving scheme Library of Congress Classification
Koha item type Books
Suppress in OPAC No
Holdings
Withdrawn status Lost status Source of classification or shelving scheme Damaged status Not for loan Home library Current library Date acquired Total Checkouts Full call number Barcode Date last seen Price effective from Koha item type
    Library of Congress Classification     مكتبة جامعة عجلون الوطنية مكتبة جامعة عجلون الوطنية 19/10/2024   BH208.2016 A30104 19/10/2024 19/10/2024 Books